| 000 | 00487nab a2200145Ia 4500 | ||
|---|---|---|---|
| 003 | ES-SlBCS | ||
| 005 | 20210601133742.0 | ||
| 008 | 140529s2010 xxu||||| |||| 00| 0 por d | ||
| 041 | _apor | ||
| 100 | 1 |
_aPereira Melo, José Joaquim _9209178 |
|
| 245 | 0 | 0 |
_aSanto Agostinho e a educaçao como um fenômeno divino _c José Joaquim Pereira Melo |
| 600 | 0 | 4 |
_aAgustín, San-Educación _9209233 |
| 773 | 0 |
_tEducaçao e Filosofia _gvol. 24, nº. 48, 2010, págs. 409-134 _wRev1534 |
|
| 942 | _cAR | ||
| 999 |
_c601541 _d601541 |
||